000
00302nam a2200121Ia 4500
008
190216s9999||||xx |||||||||||||| ||und||
100
_a
Sharma J N And Gupta R K
245
0
_a
Differential Equations
260
_b
Krishna Prakasan Mandir
_c
1983
300
_a
460p
650
_a
Mathematics
942
_c
BK
999
_c
30748
_d
30748